| 000 | 01146nam a22002537a 4500 | ||
|---|---|---|---|
| 005 | 20120106111523.0 | ||
| 010 | _aENG-104621 B-489190 | ||
| 020 |
_a9789380009231 _c250.00 |
||
| 020 |
_a9380009267 _c250.00 |
||
| 035 | _aEN-88154 B-489190 | ||
| 037 |
_bKBD/Ven _adpl |
||
| 082 | _a204.4 | ||
| 100 |
_aVenkateswar, Vijay _954894 |
||
| 245 |
_aGod is God only, not more not less / _cby Vijay Venkateswar _h |
||
| 260 |
_aNew Delhi _bReadworthy Publications _c2009 |
||
| 270 |
_a4735/22, Prakash Deep Building. Ground Floor, Ansari Road, Darya Ganj _bNew Delhi _e110002 |
||
| 300 |
_axi,228p. _c22cm(pbk) |
||
| 650 |
_aGod _954895 |
||
| 650 |
_aSpiritual life _954896 |
||
| 942 |
_2ddc _cEN _h204.4 _mVEN |
||
| 999 |
_c60428 _d60428 |
||